Finančné vzťahy a zúčtovanie
Salvato in:
| Autore principale: | |
|---|---|
| Ente Autore: | |
| Natura: | Libro |
| Lingua: | slovacco |
| Pubblicazione: |
Bratislava
Vydavateľstvo EKONÓM
2002
|
| Soggetti: | |
| Tags: |
Nessun Tag, puoi essere il primo ad aggiungerne!!
|
MARC
| LEADER | 00000nam a2200000 4500 | ||
|---|---|---|---|
| 001 | c141022 | ||
| 005 | 20221124092033.0 | ||
| 020 | |a 80-225-1599-X | ||
| 041 | 0 | |a slo | |
| 044 | |a SK | ||
| 245 | 1 | 0 | |a Finančné vzťahy a zúčtovanie |c Renáta Vokorokosová |
| 264 | 1 | |a Bratislava |b Vydavateľstvo EKONÓM |c 2002 | |
| 300 | |a 177 s. | ||
| 610 | 2 | 0 | |a financie |
| 610 | 2 | 0 | |a zúčtovanie |
| 610 | 2 | 0 | |a trh finančný |
| 610 | 2 | 0 | |a inovácia |
| 610 | 2 | 0 | |a trh devízový |
| 610 | 2 | 0 | |a zdroje finančné |
| 610 | 2 | 0 | |a trh menový |
| 610 | 2 | 0 | |a trh kapitálový |
| 610 | 2 | 0 | |a papiere cenné |
| 610 | 2 | 0 | |a úver |
| 610 | 2 | 0 | |a deriváty |
| 610 | 2 | 0 | |a obchody burzové |
| 610 | 2 | 0 | |a elektronizácia |
| 610 | 2 | 0 | |a futurity |
| 610 | 2 | 0 | |a hedging |
| 610 | 2 | 0 | |a opcie |
| 610 | 2 | 0 | |a internet |
| 610 | 2 | 0 | |a karty platobné |
| 610 | 2 | 0 | |a risk management |
| 610 | 2 | 0 | |a systémy platobné |
| 610 | 2 | 0 | |a Európska únia |
| 610 | 2 | 0 | |a Slovensko |
| 100 | 1 | |a Vokorokosová, Renáta, 1967- | |
| 710 | 2 | |a Ekonomická univerzita v Bratislave. Podnikovohospodárska fakulta so sídlom v Košiciach | |